所属町村が1つのみの郡(2023年現在) - Statistics

General Stats
  • This quiz has been taken 54 times
  • The average score is 64 of 154
Answer Stats
都道府県名 郡名 所属町村名 % Correct
北海道 二海郡 八雲町
63%
北海道 白老郡 白老町
63%
新潟県 刈羽郡 刈羽村
63%
北海道 瀬棚郡 今金町
61%
北海道 礼文郡 礼文町
61%
北海道 釧路郡 釧路町
61%
(北海道) 色丹郡 色丹村
61%
岐阜県 養老郡 養老町
61%
北海道 積丹郡 積丹町
59%
北海道 増毛郡 増毛町
59%
北海道 新冠郡 新冠町
59%
北海道 浦河郡 浦河町
59%
北海道 様似郡 様似町
59%
北海道 白糠郡 白糠町
59%
岩手県 二戸郡 一戸町
59%
北海道 奥尻郡 奥尻町
56%
北海道 宗谷郡 猿払村
56%
北海道 日高郡 新ひだか町
56%
三重県 員弁郡 東員町
56%
兵庫県 佐用郡 佐用町
56%
熊本県 天草郡 苓北町
56%
北海道 島牧郡 島牧村
54%
北海道 古平郡 古平町
54%
(北海道) 蘂取郡 蘂取村
54%
新潟県 北蒲原郡 聖籠町
54%
新潟県 南蒲原郡 田上町
54%
愛知県 愛知郡 東郷町
54%
滋賀県 愛知郡 愛荘町
54%
(北海道) 紗那郡 紗那村
51%
茨城県 那珂郡 東海村
51%
神奈川県 三浦郡 葉山町
51%
新潟県 西蒲原郡 弥彦村
51%
新潟県 東蒲原郡 阿賀町
51%
新潟県 南魚沼郡 湯沢町
51%
岐阜県 大野郡 白川村
51%
広島県 世羅郡 世羅町
51%
徳島県 那賀郡 那賀町
51%
北海道 幌泉郡 えりも町
49%
(北海道) 択捉郡 留別村
49%
三重県 桑名郡 木曽岬町
49%
岡山県 和気郡 和気町
49%
山口県 阿武郡 阿武町
49%
徳島県 三好郡 東みよし町
49%
沖縄県 宮古郡 多良間村
49%
北海道 阿寒郡 鶴居村
46%
岩手県 和賀郡 西和賀町
46%
秋田県 鹿角郡 小坂町
46%
宮城県 牡鹿郡 女川町
46%
山形県 飽海郡 遊佐町
46%
茨城県 久慈郡 大子町
46%
埼玉県 北足立郡 伊奈町
46%
長野県 下水内郡 栄村
46%
愛知県 額田郡 幸田町
46%
広島県 神石郡 神石高原町
46%
北海道 久遠郡 せたな町
44%
北海道 留萌郡 小平町
44%
埼玉県 南埼玉郡 宮代町
44%
新潟県 三島郡 出雲崎町
44%
石川県 能美郡 川北町
44%
福井県 三方上中郡 若狭町
44%
岐阜県 本巣郡 北方町
44%
大阪府 三島郡 島本町
44%
鳥取県 岩美郡 岩美町
44%
佐賀県 東松浦郡 玄海町
44%
長崎県 南松浦郡 新上五島町
44%
熊本県 八代郡 氷川町
44%
北海道 亀田郡 七飯町
41%
北海道 目梨郡 羅臼町
41%
岩手県 西磐井郡 平泉町
41%
岩手県 上閉伊郡 大槌町
41%
山形県 北村山郡 大石田町
41%
栃木県 河内郡 上三川町
41%
岐阜県 可児郡 御嵩町
41%
愛知県 西春日井郡 豊山町
41%
三重県 北牟婁郡 紀北町
41%
兵庫県 多可郡 多可町
41%
岡山県 浅口郡 里庄町
41%
岡山県 真庭郡 新庄村
41%
佐賀県 西松浦郡 有田町
41%
大分県 速見郡 日出町
41%
鹿児島県 薩摩郡 さつま町
41%
鹿児島県 出水郡 長島町
41%
北海道 山越郡 長万部町
39%
北海道 十勝郡 浦幌町
39%
北海道 野付郡 別海町
39%
青森県 中津軽郡 西目屋村
39%
岩手県 気仙郡 住田町
39%
秋田県 北秋田郡 上小阿仁村
39%
神奈川県 高座郡 寒川町
39%
新潟県 中魚沼郡 津南町
39%
山梨県 中巨摩郡 昭和町
39%
福岡県 八女郡 広川町
39%
宮崎県 北諸県郡 三股町
39%
宮崎県 西諸県郡 高原町
39%
北海道 爾志郡 乙部町
37%
宮城県 伊具郡 丸森町
37%
宮城県 本吉郡 南三陸町
37%
千葉県 安房郡 鋸南町
37%
石川県 鹿島郡 中能登町
37%
福井県 吉田郡 永平寺町
37%
福井県 今立郡 池田町
37%
山梨県 西八代郡 市川三郷町
37%
長野県 埴科郡 坂城町
37%
岡山県 英田郡 西粟倉村
37%
山口県 大島郡 周防大島町
37%
徳島県 美馬郡 つるぎ町
37%
香川県 香川郡 直島町
37%
愛媛県 上浮穴郡 久万高原町
37%
福岡県 嘉穂郡 桂川町
37%
佐賀県 神埼郡 吉野ヶ里町
37%
大分県 東国東郡 姫島村
37%
岩手県 胆沢郡 金ケ崎町
34%
福井県 三方郡 美浜町
34%
大阪府 泉北郡 忠岡町
34%
兵庫県 赤穂郡 上郡町
34%
和歌山県 海草郡 紀美野町
34%
徳島県 名東郡 佐那河内村
34%
愛媛県 南宇和郡 愛南町
34%
福岡県 三潴郡 大木町
34%
北海道 磯谷郡 蘭越町
32%
北海道 有珠郡 壮瞥町
32%
秋田県 仙北郡 美郷町
32%
群馬県 佐波郡 玉村町
32%
埼玉県 大里郡 寄居町
32%
静岡県 周智郡 森町
32%
福岡県 三井郡 大刀洗町
32%
福島県 安達郡 大玉村
29%
静岡県 田方郡 函南町
29%
京都府 久世郡 久御山町
29%
奈良県 山辺郡 山添村
29%
佐賀県 藤津郡 太良町
29%
熊本県 下益城郡 美里町
29%
鹿児島県 曽於郡 大崎町
29%
茨城県 結城郡 八千代町
27%
島根県 仁多郡 奥出雲町
27%
島根県 飯石郡 飯南町
27%
茨城県 北相馬郡 利根町
24%
福井県 南条郡 南越前町
24%
京都府 乙訓郡 大山崎町
24%
兵庫県 揖保郡 太子町
24%
岡山県 都窪郡 早島町
24%
岡山県 小田郡 矢掛町
24%
岡山県 加賀郡 吉備中央町
24%
山口県 玖珂郡 和木町
24%
愛媛県 西宇和郡 伊方町
24%
鹿児島県 姶良郡 湧水町
24%
兵庫県 川辺郡 猪名川町
22%
岡山県 苫田郡 鏡野町
22%
広島県 豊田郡 大崎上島町
22%
香川県 木田郡 三木町
22%
愛媛県 喜多郡 内子町
22%
愛媛県 越智郡 上島町
22%
福井県 丹生郡 越前町
17%
京都府 船井郡 京丹波町
17%
No matching quizzes found
Score Distribution
Percent of People with Each Score
Percentile by Number Answered
Your Score History
You have not taken this quiz